000 00286nam a2200145Ia 4500
100 _aKitaigorodsky
650 _aChemistry
942 _cBK
654 _aPhysicict
245 _aI Am a Physicist
260 _bMir Publishers
082 _a530
300 _a213
546 _aENGLISH
999 _c23941
_d23941